000 00923nam a2200265 a 4500
001 4370667
003 NUST - PNEC
005 20170116181049.0
008 900913s1990 enka b 001 0 eng
010 _a 90194363
020 _a0582017122
040 _aDLC
_cLIBRARY
050 0 0 _aTL699.C57
_bC67 1990
082 0 0 _a629.134 MID
245 0 0 _aComposite materials in aircraft structures /
_cedited by Donald H. Middleton.
260 _aBurnt Mill, Harlow, Essex, England :
_bLongman Scientific & Technical ;
_aNew York :
_bJ. Wiley,
_c1990.
300 _axiii, 394 p. :
_bill. ;
_c26 cm.
504 _aIncludes bibliographical references and indexes.
650 0 _aAirplanes
_xME
650 0 _aComposite materials.
700 1 _aMiddleton, D. H.
_q(Don H.)
906 _a7
_bcbc
_corignew
_d2
_encip
_f19
_gy-gencatlg
942 _2ddc
_cBK
999 _c68318
_d68318